| 000 | 00429nam a2200157Ia 4500 | ||
|---|---|---|---|
| 008 | 191206s9999 xx 000 0 und d | ||
| 020 | _a875895271 | ||
| 090 | _aHV105G34 | ||
| 245 | 0 | _aprofession and practice of consultation | |
| 250 | _a1st ed. | ||
| 260 | _aJossey-Bass | ||
| 260 | _bThe Jossey-Bass social and behavioral science series | ||
| 260 | _cc1982 | ||
| 300 | _a"xx, 490 p. ; 24 cm." | ||
| 999 |
_c16745 _d16745 |
||